000 00791nam a22002295i 4500
001 166129
003 ES-MaACL
005 20260306063017.0
008 050908q18901905xxk | |||||||| ||eng d
040 _aCAM
_bspa
_cCAM
100 1 _aTennyson, Alfred Tennyson,
_cBaron,
_d1809-1892
_9162209
245 1 4 _aThe poems of Alfred Lord Tennyson, 1830-1863.
260 _aLondon :
_bGeorge Routledge & Sons,
_c[s.a.] (
_fRichard Clay and Sons)
300 _aVIII, 549 P. ;
_c16 CM.
596 _aProbablemente impreso en el último tercio del S. XIX.
650 4 _916190
_aPoesía inglesa-
_yS.XIX
700 1 _aRoutledge, George & Sons,
_9132117
752 _aGran Bretaña -
_dLondres
852 _aES-MaACL
_jG-14933
_z-- Enc. tela
942 _2udc
999 _c166129
_d166129